Thế giới quanh ta
Spremljeno u:
| Glavni autor: | |
|---|---|
| Format: | Knjiga |
| Jezik: | Undetermined |
| Izdano: |
H.
Giáo Dục
2002
|
| Teme: | |
| Oznake: |
Dodaj oznaku
Bez oznaka, Budi prvi tko označuje ovaj zapis!
|
| Thư viện lưu trữ: | Trung tâm Học liệu Trường Đại học Cần Thơ |
|---|
| LEADER | 00493nam a2200181Ia 4500 | ||
|---|---|---|---|
| 001 | CTU_52344 | ||
| 008 | 210402s9999 xx 000 0 und d | ||
| 020 | |b 50000 | ||
| 082 | |a 001 | ||
| 082 | |b Th250/T3 | ||
| 100 | |a Hà Việt Anh ... [et al.] | ||
| 245 | 0 | |a Thế giới quanh ta | |
| 245 | 0 | |c Hà Việt Anh ... [et al.] | |
| 260 | |a H. | ||
| 260 | |b Giáo Dục | ||
| 260 | |c 2002 | ||
| 650 | |a knowledge,human life | ||
| 980 | |a Trung tâm Học liệu Trường Đại học Cần Thơ | ||